Statistics for The 20 Most Successful Fast Food Chains in America

Click here to take the quiz!

General Stats

  • This quiz has been taken 113 times
    (87 since last reset)
  • The average score is 11 of 20

Answer Stats

SalesAnswer% Correct
$35.4 BillionMcDonald's
99%
$8.6 BillionBurger King
92%
$8.5 BillionWendy's
87%
$5.5 BillionPizza Hut
83%
$4.2 BillionKFC
80%
$8.2 BillionTaco Bell
80%
$11.9 BillionSubway
74%
$12.7 BillionStarbucks
67%
$4.1 BillionDomino's
63%
$3.2 BillionArby's
49%
$2.7 BillionPapa John's
49%
$7.2 BillionDunkin' Donuts
45%
$4 BillionChipotle
43%
$5.8 BIllionChick-fil-A
41%
$3.6 BillionCarl's Jr. / Hardee's
38%
$4.1 BillionSonic Drive-In
37%
$3.2 BillionLittle Caesar's
36%
$3.2 BillionDairy Queen
33%
$3.2 BillionJack in the Box
29%
$4.5 BillionPanera Bread
9%

Score Distribution

Percentile by Number Answered

Percent of People with Each Score

Your Score History

You have not taken this quiz since the last reset